An abstract of several clauses in an act of Parliament passed in the twelfth year of King George the Second : intituled, An Act for Taking Off the Duties upon Woollen and Bay Yarn Imported from Ireland to England, and for the More Effectual Preventing the Exportation of Wooll from Great Britain, and of Wooll, and Wooll Manufactured, From Ireland to Foreign Parts : so far as the same relate to the exportation of wooll, woollen or bay yarn, wooll-sells, shorlings, mortlings, wooll-flocks.

Bibliographic Details
Corporate Author: Great Britain
Format: eBook
Language:English
Published: [England?] : [publisher not identified], 1742
Series:Making of the modern world (Goldsmiths'-Kress Library of Economic Literature)
Subjects:
Online Access:Connect to the full text of this electronic book

MARC

Tag First Indicator Second Indicator Subfields
LEADER 00000cam a2200000Ia 4500
001 in00002309713
005 20190326202850.0
006 m | d |
007 cr |n||||||||n
008 901220s1742 enk s 000 0 eng d
040 |a DLM  |c GKS  |d OCL  |d Thomson Gale  |d UtOrBLW 
043 |a e-uk--- 
110 1 |a Great Britain. 
245 1 3 |a An abstract of several clauses in an act of Parliament passed in the twelfth year of King George the Second :  |b intituled, An Act for Taking Off the Duties upon Woollen and Bay Yarn Imported from Ireland to England, and for the More Effectual Preventing the Exportation of Wooll from Great Britain, and of Wooll, and Wooll Manufactured, From Ireland to Foreign Parts : so far as the same relate to the exportation of wooll, woollen or bay yarn, wooll-sells, shorlings, mortlings, wooll-flocks. 
264 1 |a [England?] :  |b [publisher not identified],  |c 1742 
264 3 |a London :  |b T. Baskett and R. Baskett 
300 |a 1 broadside ;  |c 48 x 36 cm. 
336 |a text  |b txt  |2 rdacontent 
337 |a computer  |b c  |2 rdamedia 
338 |a online resource  |b cr  |2 rdacarrier 
500 |a Printed in two columns with sidenotes. 
500 |a Reproduction of original from Kress Library of Business and Economics, Harvard University. 
500 |a Goldsmiths'-Kress number 07933.3. 
510 4 |a Hanson  |c 5626 
510 4 |a OCLC,  |c 22880821 
533 |a Electronic reproduction.  |b Farmington Hills, Mich. :  |c Thomson Gale,  |d 2005.  |f (The making of the modern world).  |n Available via the World Wide Web.  |n Access limited to licensing agreements.  |7 s2005 miunns 
500 |a Electronic resource. 
650 0 |a Wool industry  |x Law and legislation  |z Great Britain. 
650 0 |a Tariff on wool  |z Great Britain. 
655 0 |a Electronic books. 
730 0 |a Act for Taking Off the Duties upon Woollen and Bay Yarn Imported from Ireland to England ... 
830 0 |a Making of the modern world (Goldsmiths'-Kress Library of Economic Literature) 
856 4 0 |u http://proxy.library.tamu.edu/login?url=http://galenet.galegroup.com/servlet/MOME?af=RN&ae=U100807702&srchtp=a&ste=14&locID=txshracd2898  |z Connect to the full text of this electronic book  |t 0 
999 |a MARS 
999 f f |s e1be30ec-ee36-34b2-b67a-e9d23fd87d70  |i 21546282-e8c1-390e-b98a-81d3594615bd  |t 0 
952 f f |a Texas A&M University  |b College Station  |c Electronic Resources  |d Available Online  |t 0  |h No information provided 
998 f f |t 0  |l Available Online